| 000 | 00362nam a22001451a 4500 | ||
|---|---|---|---|
| 082 |
_aM3 _bSAT/E |
||
| 100 |
_aSathrughnan _968648 |
||
| 245 |
_aEtho oru divasam/ _cby Sathrughnan |
||
| 260 |
_a _bSathrughnan, _c1983. |
||
| 300 | _a92p. | ||
| 650 |
_aNovel Malayalam _968649 |
||
| 650 |
_aLiterature Malayalam _968650 |
||
| 650 |
_aLiterature _968651 |
||
| 942 | _cBK | ||
| 999 |
_c13994 _d13994 |
||